[Event "MCR zen a juniorek do 18 a 20"]
[Site "Havlickuv Brod (CZE)"]
[Date "2006.09.30"]
[Round "8.2"]
[White "Balkova, Anna"]
[Black "Nemcova, Kristyna"]
[Result "1/2-1/2"]
[WhiteElo "2014"]
[BlackElo "2022"]
[PlyCount "82"]
[EventDate "2006.09.23"]

1. e4 c5 2. Nf3 Nc6 3. d4 cxd4 4. Nxd4 Qc7 5. Nc3 e6 6. Ndb5 Qb8 7. Be3 Nf6 8.
f4 d6 9. Be2 Be7 10. a4 b6 11. Nd4 Nxd4 12. Bxd4 O-O 13. O-O Bb7 14. Bd3 Nd7
15. Qh5 e5 16. Be3 exf4 17. Bxf4 Ne5 18. Bxe5 dxe5 19. Bc4 Bc5+ 20. Kh1 Qc7 21.
Nd5 Bxd5 22. Bxd5 Rad8 23. Rf3 g6 24. Qh6 Rxd5 25. exd5 f5 26. Rd1 e4 27. Rh3
Rf7 28. Qd2 Qd6 29. c3 a5 30. Rb1 Qe5 31. b4 e3 32. Qe2 axb4 33. cxb4 Qe4 34.
Rb3 Bd4 35. Rbxe3 Bxe3 36. Rxe3 Qxd5 37. Re8+ Kg7 38. Re7 Rxe7 39. Qxe7+ Kg8
40. h3 Qd1+ 41. Kh2 Qd4 1/2-1/2

[Event "MCR zen a juniorek do 18 a 20"]
[Site "Havlickuv Brod (CZE)"]
[Date "2006.09.30"]
[Round "8.3"]
[White "Krejcova, Katerina"]
[Black "Vranova, Jarmila"]
[Result "1-0"]
[WhiteElo "2002"]
[BlackElo "1868"]
[PlyCount "47"]
[EventDate "2006.09.23"]

1. e4 a6 2. Nc3 b5 3. a3 Bb7 4. d4 e6 5. Nf3 Nf6 6. Bd3 c5 7. dxc5 Bxc5 8. O-O
Qb6 9. Qe2 O-O 10. Bg5 Bd4 11. Nxd4 Qxd4 12. Rad1 Qe5 13. f4 Qc5+ 14. Kh1 Nc6
15. e5 Nd4 16. Qf2 Ng4 17. Qh4 Nf5 18. Bxf5 exf5 19. Be7 Qc6 20. Nd5 Rfe8 21.
Qg3 Qg6 22. Bg5 Qc6 23. h3 f6 24. Bh4 1-0

[Event "MCR zen a juniorek do 18 a 20"]
[Site "Havlickuv Brod (CZE)"]
[Date "2006.09.30"]
[Round "8.4"]
[White "Mareckova, Martina"]
[Black "Nemcova, Katerina"]
[Result "0-1"]
[WhiteElo "1941"]
[BlackElo "2169"]
[PlyCount "84"]
[EventDate "2006.09.23"]

1. e4 c5 2. Ne2 Nc6 3. Nbc3 e6 4. d4 cxd4 5. Nxd4 Qc7 6. f4 a6 7. Be3 b5 8. a3
Bb7 9. Be2 Nf6 10. O-O Bc5 11. Bf2 Nxd4 12. Bxd4 Qb6 13. Bxc5 Qxc5+ 14. Kh1
Nxe4 15. Nxe4 Bxe4 16. Bf3 Bxf3 17. Rxf3 O-O 18. Rc3 Qf5 19. Qxd7 Qxf4 20. Rd1
Qf6 21. Rf3 Qg6 22. Rc3 h6 23. h3 Qg5 24. Rcd3 Rac8 25. c3 Rc4 26. Rf3 Re4 27.
Rdf1 f5 28. Qc6 Re2 29. R3f2 Qe3 30. Rxe2 Qxe2 31. Rf3 Rd8 32. Rg3 Qe5 33. Kh2
Kh7 34. Qf3 Rd7 35. Qh5 g5 36. h4 g4 37. Qe8 Rg7 38. Qh5 Re7 39. b3 Rg7 40. c4
bxc4 41. bxc4 Re7 42. c5 Qb8 0-1

[Event "MCR zen a juniorek do 18 a 20"]
[Site "Havlickuv Brod (CZE)"]
[Date "2006.10.01"]
[Round "9.2"]
[White "Nemcova, Katerina"]
[Black "Novosadova, Kristyna"]
[Result "1/2-1/2"]
[WhiteElo "2169"]
[BlackElo "1985"]
[PlyCount "81"]
[EventDate "2006.09.23"]

1. d4 d5 2. Nf3 Nf6 3. e3 e6 4. Bd3 Be7 5. O-O O-O 6. Nbd2 c5 7. c3 Bd7 8. Ne5
Nc6 9. f4 g6 10. Kh1 Nxe5 11. fxe5 Nh5 12. Nf3 Qb6 13. Qe2 a6 14. b3 Rac8 15.
Bd2 f5 16. exf6 Bxf6 17. g4 Ng7 18. Rf2 Qd6 19. Raf1 e5 20. dxe5 Bxe5 21. Nxe5
Qxe5 22. Rxf8+ Rxf8 23. Rxf8+ Kxf8 24. Kg1 Ne8 25. e4 dxe4 26. Qxe4 Qxe4 27.
Bxe4 Nd6 28. Bf3 Ke7 29. Kf2 Ke6 30. Bf4 Bc8 31. c4 b5 32. Bd5+ Kd7 33. Ke3 Ne8
34. Be5 Ke7 35. Kf4 Nf6 36. Bxf6+ Kxf6 37. g5+ Ke7 38. Ke5 Bg4 39. h4 b4 40.
Be4 Be6 41. Bc2 1/2-1/2

[Event "MCR zen a juniorek do 18 a 20"]
[Site "Havlickuv Brod (CZE)"]
[Date "2006.10.01"]
[Round "9.3"]
[White "Vranova, Jarmila"]
[Black "Mareckova, Martina"]
[Result "0-1"]
[WhiteElo "1868"]
[BlackElo "1941"]
[PlyCount "74"]
[EventDate "2006.09.23"]

1. e4 e5 2. Nf3 Nc6 3. Bb5 d6 4. d4 Bd7 5. O-O Nf6 6. Re1 Be7 7. Nc3 exd4 8.
Nxd4 Nxd4 9. Bxd7+ Nxd7 10. Qxd4 O-O 11. Nd5 Re8 12. Nxe7+ Qxe7 13. Bd2 Qe5 14.
Qb4 b6 15. Bc3 Qc5 16. Qa4 b5 17. Qb3 a5 18. Rad1 a4 19. Qd5 Nb6 20. Qd3 f6 21.
Re3 Qc4 22. Rg3 Qxd3 23. cxd3 Kf7 24. Rh3 h6 25. Rc1 c5 26. f4 d5 27. Bd2 Rec8
28. exd5 Nxd5 29. Rh5 Ke6 30. a3 Ra7 31. f5+ Kd6 32. d4 Rac7 33. dxc5+ Rxc5 34.
Re1 Rc2 35. Re6+ Kd7 36. Bb4 Nxb4 37. axb4 Rxb2 0-1

[Event "MCR zen a juniorek do 18 a 20"]
[Site "Havlickuv Brod (CZE)"]
[Date "2006.10.01"]
[Round "9.4"]
[White "Nemcova, Kristyna"]
[Black "Krejcova, Katerina"]
[Result "1/2-1/2"]
[WhiteElo "2022"]
[BlackElo "2002"]
[PlyCount "177"]
[EventDate "2006.09.23"]

1. e4 g6 2. d4 Bg7 3. Nc3 c5 4. Nf3 cxd4 5. Nxd4 Nc6 6. Be3 Nf6 7. Be2 O-O 8.
Nb3 d6 9. O-O Ne5 10. h3 Be6 11. f4 Nc4 12. Bxc4 Bxc4 13. Re1 Rc8 14. Qf3 b6
15. Rad1 Qc7 16. Bd4 Ba6 17. e5 dxe5 18. Bxe5 Bb7 19. Qf2 Qc6 20. Rd4 Rfd8 21.
Red1 Rxd4 22. Rxd4 Ba8 23. Qd2 h6 24. a4 Kh7 25. Nc1 a6 26. Nd3 b5 27. axb5
axb5 28. Kh2 Ne8 29. Bxg7 Kxg7 30. Ne5 Qc5 31. Nd7 Qc6 32. Ne5 Qb7 33. Rb4 Nd6
34. Qe2 Rc5 35. Nf3 Qc7 36. Ne5 h5 37. Nd3 Rc4 38. Rxc4 bxc4 39. Ne5 Qb7 40.
Nd1 Qd5 41. Nc3 Qd4 42. g3 Qc5 43. g4 hxg4 44. hxg4 Qb4 45. Nd1 Qb7 46. Kg3 Qd5
47. Nc3 Qc5 48. Nf3 Qc6 49. Qe5+ Kg8 50. Qe3 e6 51. Kf2 Qb7 52. Nd1 Ne4+ 53.
Ke2 Nf6 54. Nh2 Qg2+ 55. Qf2 Qe4+ 56. Kf1 Qh1+ 57. Ke2 Ne4 58. Qh4 Qg2+ 59. Nf2
Nxf2 60. Qxf2 Qe4+ 61. Kd1 Qd5+ 62. Kc1 Qa5 63. Kb1 Bd5 64. Nf1 c3 65. bxc3
Qxc3 66. Qd2 Qc4 67. Qf2 g5 68. fxg5 Qxg4 69. Qd2 Qg1 70. Qc1 Qb6+ 71. Qb2
Qxb2+ 72. Kxb2 Kg7 73. Ne3 Be4 74. Nc4 Kg6 75. Nd6 Bf3 76. c4 e5 77. c5 Bc6 78.
Kc3 Kg7 79. Kc4 Kf8 80. Nf5 Ke8 81. Kb4 Kd7 82. Ka5 Kc7 83. Nd6 Bd5 84. Kb5 Be6
85. Ne8+ Kd7 86. Nf6+ Kc7 87. Ne8+ Kd8 88. Nf6 Kc7 89. Ne8+ 1/2-1/2